02503nab a2200193uuc4500001000800000005001700008008004100025035001200066040001300078041000800091100006500099245017900164520169500343650004002038650004302078650003002121650004602151773011202197139514820251001101601.0141211e20131005 spa  a1395148 ccomduadb aspa 0aLaurell, Asa Cristinacsocióloga mexicanad1943-4auteaut10aConfrontando las poíticas de desmantelamiento de los sistemas de protección y seguridad social : una visión latinoamericana. Actuando desde afuera y dentro del gobierno3 aINTRODUCCIÓN : La lucha por el derecho universal a la salud y por el fortalecimiento y ampliación de las instituciones públicas de salud para garantizarlo es fundacional de la Medicina Social y de la Salud Colectiva y asimismo constituye un principios irrenunciable. Nuestra historia está llena de experiencias concretas, unas exitosas, otras no tanto. Estas experiencias son nuestro patrimonio y legado y una fuente rica para la reflexión. Los latinoamericanos, junto con los africanos, somos especialistas en resistir la aplicación despiadada de las políticas neoclásicas y neoliberales, políticas que hoy han sacado a millones de personas a protestar en las calles de Europa. El Estado Social es ideológicamente intolerable para los grandes capitales transnacionales y ahora han encontrado el momento para intentar destruirlo. Como aliento a las luchas europeas podemos decir que la mitad del continente latinoamericano tiene hoy gobiernos progresistas surgidos precisamente del combate popular contra el despojo, la opresión y la injusticia. Hemos acumulado experiencias y enseñanzas durante treinta años. Una de las enseñanzas, no siempre asumida, es que aunque nuestro actuar se basa en valores éticos y sociales generales, no hay un paradigma único de actuación porque la especificidad nacional tiene un peso importante. Negaríamos la esencia del pensamiento médico-social si no lo reconociéramos. Nuestro objeto de transformación requiere incluir las dimensiones política, económica, social e histórica. Esto no quiere decir que se asuman posiciones pragmáticas ultra-realistas ni que se adopten actitudes vanguardistas o sectarias. aSeguridad social - América Latina aProtección social - América Latina 7aPolítica de salud2lemb 7aPolítica socialzAmérica Latina2lemb0 tDivulgacao em Saúde para Debate (Rio de Janeiro)gNo. 49, Oct. 2013, p. 35-39w1395023x0103-43830697835